Altered states (Record no. 34102)

MARC details
000 -LEADER
fixed length control field 00545nam a2200157 a 4500
008 - FIXED-LENGTH DATA ELEMENTS--GENERAL INFORMATION
fixed length control field 120416s2000 ||||||||||||||||| || u
050 ## - LIBRARY OF CONGRESS CALL NUMBER
Classification number JC 327 Smi
100 ## - MAIN ENTRY--PERSONAL NAME
Personal name Smith, Gordon
245 10 - TITLE STATEMENT
Title Altered states
246 ## - VARYING FORM OF TITLE
Title proper/short title globalization, sovereignty and governance
260 ## - PUBLICATION, DISTRIBUTION, ETC.
Place of publication, distribution, etc. Ottawa
Name of publisher, distributor, etc. IDRC
Date of publication, distribution, etc. 2000
350 ## - PRICE (NR) (BK AM CF MU VM SE) [OBSOLETE]
Price 0.00
650 ## - SUBJECT ADDED ENTRY--TOPICAL TERM
Topical term or geographic name entry element GLOBALISATION--POLITICAL ASPECTS
650 ## - SUBJECT ADDED ENTRY--TOPICAL TERM
Topical term or geographic name entry element POLITICS
995 ## - RECOMMENDATION 995 [LOCAL, UNIMARC FRANCE]
-- 0.00
-- CBU-MAIN LIBRARY (Kitwe)
-- 1
-- 7.00
-- 1
-- AVAILABLE
-- Main Library Open Access Collection
Holdings
Withdrawn status Lost status Source of classification or shelving scheme Damaged status Not for loan Home library Current library Shelving location Date acquired Total Checkouts Full call number Barcode Date last seen Price effective from Koha item type
          CBU-MAIN LIBRARY, KITWE. CBU-MAIN LIBRARY, KITWE.   11/30/2022   JC 327 Smi 028429 11/30/2022 11/30/2022 MONOGRAPH